| 000 | 00717nam a2200181Ia 4500 | ||
|---|---|---|---|
| 008 | 100920s9999 xx 000 0 und d | ||
| 082 |
_b45827 _a891.461 थ 81 |
||
| 100 | _aढसाळ नामदेव लक्ष्मण. | ||
| 245 | _aतुही इयत्ता कंची तुही इयत्ता. | ||
| 260 |
_bआंबेडकर प्रबोधिनी,मुंबई. _c1981 |
||
| 300 |
_a96 _bसाधी |
||
| 365 | _b20 | ||
| 520 | _aपदय. | ||
| 630 | _aतुही इयत्ता कंची तुही इयत्ता. | ||
| 650 | _aपदय. | ||
| 730 | _aतुही इयत्ता कंची तुही इयत्ता. | ||
| 942 | _cBOOK | ||
| 999 |
_c693933 _d693930 |
||